Match The Country with Its Capital #1 - Statistics

General Stats
  • This quiz has been taken 48 times
  • The average score is 12 of 15
Answer Stats
Capital Country % Correct
Seoul South Korea
100%
Washington USA
100%
Jakarta Indonesia
97%
Canberra Australia
95%
Havana Cuba
95%
Helsinki Finland
95%
Lima Peru
95%
Reykjavik Iceland
92%
Nairobi Kenya
92%
Tirana Albania
77%
Rabat Morocco
74%
Freetown Sierra Leone
49%
Dili East Timor
44%
Funafuti Tuvalu
36%
Maseru Lesotho
28%
No matching quizzes found
Score Distribution
Percent of People with Each Score
Percentile by Number Answered
Your Score History
You have not taken this quiz